000 00494nam a22001817a 4500
003 CEME
005 20210628204104.0
008 210112b xxu||||| |||| 00| 0 eng d
020 _a8121939984
040 _cceme
082 _a621.31042 NAV
100 _aNavani, J.P , Sapra, Sonal
_968681
245 _aElectrical machines and automatic control
260 _aNEW DELHI
_bS. CHAND
_c2012
300 _aXI, 482P
650 _aELECTRICAL MACHINES.AUTOMATIC CONTROL
_968682
942 _cBK
_2ddc
999 _c576183
_d576183